<?xml version="1.0" encoding="UTF-8"?>
<record
    xmlns:xsi="http://www.w3.org/2001/XMLSchema-instance"
    xsi:schemaLocation="http://www.loc.gov/MARC21/slim http://www.loc.gov/standards/marcxml/schema/MARC21slim.xsd"
    xmlns="http://www.loc.gov/MARC21/slim">

  <leader>02789nab a2200301 i 4500</leader>
  <controlfield tag="003">BR-BrBNA</controlfield>
  <controlfield tag="005">20230929085633.0</controlfield>
  <controlfield tag="008">230807b2020    bl.ar|pooa||| 00| 0 eng |</controlfield>
  <datafield tag="040" ind1=" " ind2=" ">
    <subfield code="a">BR-BrBNA</subfield>
    <subfield code="b">eng</subfield>
  </datafield>
  <datafield tag="072" ind1=" " ind2=" ">
    <subfield code="a">H60</subfield>
  </datafield>
  <datafield tag="100" ind1=" " ind2=" ">
    <subfield code="a">Tessaro, D.</subfield>
  </datafield>
  <datafield tag="100" ind1=" " ind2=" ">
    <subfield code="a">Benneman, D.</subfield>
  </datafield>
  <datafield tag="100" ind1=" " ind2=" ">
    <subfield code="a">Perboni, L.T.</subfield>
  </datafield>
  <datafield tag="100" ind1=" " ind2=" ">
    <subfield code="a">Garcia, J.R.</subfield>
  </datafield>
  <datafield tag="100" ind1=" " ind2=" ">
    <subfield code="a">Teixeira, M.M.</subfield>
  </datafield>
  <datafield tag="100" ind1=" " ind2=" ">
    <subfield code="a">Agostinetto, D.</subfield>
  </datafield>
  <datafield tag="245" ind1=" " ind2=" ">
    <subfield code="a">Resistance detection of blackjack to ALS inhibitors by in vitro plant growth method</subfield>
  </datafield>
  <datafield tag="500" ind1=" " ind2=" ">
    <subfield code="a">Publica&#xE7;&#xE3;o on-line; 17 ref.; 3 tables; 3 illus.; Summary (En)</subfield>
  </datafield>
  <datafield tag="520" ind1=" " ind2=" ">
    <subfield code="a">
ABSTRACT
Background: The resistance of weeds to herbicides is a problem that
has been increasingly studied because of its great importance in
agriculture and rapid growth of this phenomenon worldwide. The quick
detection of resistant plants is extremely important for resistance
management. Weed resistance to herbicides can be detected through
field, greenhouse and laboratory tests. A fast way of detecting resistance
is using tissue culture method, where is possible to use resistant
plant clones and obtain results faster than whole-plant method in
greenhouse.
Objective: The aims of the research were to detect the resistance of
blackjack to herbicides inhibitors of the acetolactate synthase (ALS),
addition in vitro cultivation; determine the herbicide concentration of
imazethapyr to 95% control of the susceptible plant population; evaluate
explants growth; and, determine the herbicide concentration added to the
culture medium where is possible to distinguish a resistant from a
susceptible plant.
Methods: Experiments were carried out in greenhouse and tissue culture
laboratory. Screening was performed to select resistant and susceptible
biotypes, tests for specie establishment and dose response curves in vitro
were made.
Results: The herbicide concentration added to the culture medium that
provided 95% susceptible biotype control and efficiently differentiated
susceptible biotype from resistant one was 0.6&#x3BC;M of imazethapyr.
Conclusions: This method helps recommendations of weed
management and provides a quick decision to alternative control of this
specie, thus avoiding major damage to the crops

Keywords:
Bidens Pilosa
resistance test
acetolactate synthase
weed. </subfield>
  </datafield>
  <datafield tag="650" ind1=" " ind2=" ">
    <subfield code="a">BIDENS PILOSA</subfield>
  </datafield>
  <datafield tag="650" ind1=" " ind2=" ">
    <subfield code="a">ERVA DANINHA</subfield>
  </datafield>
  <datafield tag="650" ind1=" " ind2=" ">
    <subfield code="a">HERBICIDA</subfield>
  </datafield>
  <datafield tag="650" ind1=" " ind2=" ">
    <subfield code="a">RESIST&#xCA;NCIA</subfield>
  </datafield>
  <datafield tag="773" ind1="0" ind2=" ">
    <subfield code="0">886</subfield>
    <subfield code="9">1817</subfield>
    <subfield code="d">Londrina-PR : Sociedade Brasileira da Ci&#xEA;ncia das Plantas Daninhas, 1978</subfield>
    <subfield code="o">2023-031024</subfield>
    <subfield code="t">Planta Daninha (Brazil)</subfield>
    <subfield code="x">0100-8358; 1806-9681 (on-line)</subfield>
    <subfield code="g">v. 38 p. 1-9; (2020)</subfield>
    <subfield code="w">BR2023000838</subfield>
  </datafield>
  <datafield tag="856" ind1=" " ind2=" ">
    <subfield code="u">https://www.scielo.br/j/pd/a/nL8BGMdp9Gcss5X47gQfwvN/?format=pdf&amp;lang=en</subfield>
  </datafield>
  <datafield tag="942" ind1=" " ind2=" ">
    <subfield code="c">Anal&#xED;tica</subfield>
  </datafield>
  <datafield tag="999" ind1=" " ind2=" ">
    <subfield code="c">9751</subfield>
    <subfield code="d">9751</subfield>
  </datafield>
</record>
